Data for decisions : information strategies for policymakers /

Bibliographic Details
Other Authors: Hoaglin, David C. (David Caster), 1944-
Format: Book
Language:English
Published: Cambridge, Mass. : Abt Books, [1982]
Subjects:

MARC

Tag First Indicator Second Indicator Subfields
LEADER 00000pam a2200000 a 4500
001 in00000097573
005 20150924085241.0
008 820122s1982 maua b 00100 eng
010 |a  82001629  
020 |a 0890115672 :  |c $28.00 
035 |a (OCoLC)08168655 
035 |9 AAK9196AM 
039 0 |a 2  |b 3  |c 3  |d 3  |e 3 
040 |a DLC  |c DLC  |d TXA  |d UtOrBLW 
049 |a TXAM  |c [388888] 
050 0 0 |a H97  |b  D37 1982 
082 0 |a 001.4/2  |2 19 
245 0 0 |a Data for decisions :  |b information strategies for policymakers /  |c David C. Hoaglin [and others]. 
264 1 |a Cambridge, Mass. :  |b Abt Books,  |c [1982] 
264 4 |c ©1982 
300 |a xxii, 318 pages :  |b illustrations ;  |c 24 cm. 
336 |a text  |b txt  |2 rdacontent 
337 |a unmediated  |b n  |2 rdamedia 
338 |a volume  |b nc  |2 rdacarrier 
504 |a Includes bibliographies and index. 
650 0 |a Policy sciences  |x Research. 
650 0 |a Social sciences  |x Research. 
700 1 |a Hoaglin, David C.  |q (David Caster),  |d 1944- 
999 |a MARS 
999 f f |s d1da9ad9-8da3-3673-88d8-9f0a8ef7d91d  |i df79d293-0b76-3490-be8b-38f90ce79dd0  |t 0 
952 f f |p ric  |a Texas A&M University  |b Rellis Campus  |c Joint Library Facility  |d Remote Storage  |t 0  |e H97 D37 1982  |h Library of Congress classification  |i unmediated -- volume  |m A14806020013 
998 f f |a H97 D37 1982  |t 0  |l Remote Storage